[Event "Chigorin Memorial 2016"]
[Site "St Petersburg RUS"]
[Date "2016.10.16"]
[Round "2.62"]
[White "Duzhakov, Ilya"]
[Black "Obgolts, Erik"]
[Result "1-0"]
[WhiteTitle "FM"]
[WhiteElo "2411"]
[BlackElo "2217"]
[WhiteFideId "4192516"]
[BlackFideId "24199044"]
[EventDate "2016.10.15"]

1. d4 Nf6 2. c4 c5 3. d5 d6 4. Nc3 g6 5. e4 Bg7 6. Bd3 O-O 7. h3 a6 8. a4 e6 9.
Nf3 Qe7 10. O-O e5 11. a5 Nh5 12. Na4 Nd7 13. Rb1 Nf4 14. b4 cxb4 15. Rxb4 h6
16. Nb6 Nxd3 17. Qxd3 Nc5 18. Qc2 Rb8 19. Be3 Qc7 20. Rfb1 Re8 21. Ne1 Bf8 22.
R1b2 Kg7 23. Bxc5 dxc5 24. R4b3 Bd6 25. Qb1 Re7 26. Nc2 Bd7 27. Nxd7 Qxd7 28.
Ne3 h5 29. Rb6 Qc7 30. R2b3 Qd7 31. Qd1 Rd8 32. Qf3 f6 33. Rxd6 Qxd6 34. Rb6 Qd7
35. Qxf6+ Kg8 36. Qxg6+ Rg7 37. Qxh5 1-0

[Event "Chigorin Memorial 2016"]
[Site "St Petersburg RUS"]
[Date "2016.10.16"]
[Round "2.63"]
[White "Badelka, Olga"]
[Black "Smirnov, Artem"]
[Result "1-0"]
[BlackTitle "IM"]
[WhiteElo "2209"]
[BlackElo "2409"]
[WhiteFideId "13509926"]
[BlackFideId "4143256"]
[EventDate "2016.10.15"]

1. d4 Nf6 2. c4 e6 3. Nc3 Bb4 4. e3 O-O 5. Bd3 d5 6. cxd5 exd5 7. Ne2 Re8 8. O-O
b6 9. Bd2 Bb7 10. Qc2 Bf8 11. a3 c5 12. dxc5 bxc5 13. Rad1 Nbd7 14. Bc1 Bd6 15.
Ng3 g6 16. Be2 h5 17. Rfe1 h4 18. Nf1 h3 19. gxh3 Qb6 20. Qa4 d4 21. exd4 cxd4
22. Rxd4 Bc5 23. Be3 Bxd4 24. Bxd4 Qc6 25. Qxc6 Bxc6 26. Ne3 a5 27. b4 axb4 28.
axb4 Rad8 29. b5 Ba8 30. f4 Nh5 31. Bxh5 gxh5 32. Kf2 Kh7 33. Rg1 Rg8 34. Rd1
Rc8 35. Ra1 Nc5 36. Ra7 Nd3+ 37. Kf1 Rgd8 38. Nf5 Rg8 39. Rxf7+ Kg6 40. Rf6+ 1-0

[Event "Chigorin Memorial 2016"]
[Site "St Petersburg RUS"]
[Date "2016.10.16"]
[Round "2.64"]
[White "Drygalov, Sergey"]
[Black "Lagashin, Pavel"]
[Result "1/2-1/2"]
[WhiteElo "2409"]
[BlackElo "2212"]
[WhiteFideId "24171743"]
[BlackFideId "24132144"]
[EventDate "2016.10.15"]

1. Nf3 Nf6 2. c4 b6 3. g3 Bb7 4. Bg2 g6 5. O-O Bg7 6. d4 O-O 7. d5 b5 8. Qb3 a6
9. Nc3 Qc8 10. cxb5 axb5 11. Qxb5 c6 12. dxc6 Nxc6 13. Bf4 Nh5 14. Bd2 Ba6 15.
Qg5 Rb8 16. Rab1 Bc4 17. b3 Be6 18. Na4 Qa6 19. Nc5 Qxa2 20. Nxe6 fxe6 21. b4
Nf6 22. Qh4 Nd5 23. b5 Nd4 24. Nxd4 Qxd2 25. Rfd1 Qa2 26. Ra1 Qc4 27. Rac1 Nc3
28. Bf1 Bxd4 29. Qxd4 Nxe2+ 30. Bxe2 Qxe2 31. Rd2 Qxb5 32. Qxd7 Qxd7 33. Rxd7
Rf7 34. Re1 Rb6 35. Rd2 g5 36. Kg2 Rf5 37. Re4 Kf7 38. h4 h6 39. Ra4 e5 40. hxg5
hxg5 41. Re4 1/2-1/2

[Event "Chigorin Memorial 2016"]
[Site "St Petersburg RUS"]
[Date "2016.10.16"]
[Round "2.65"]
[White "Shpartko, Grigory"]
[Black "Palachev, Petr"]
[Result "0-1"]
[BlackTitle "FM"]
[WhiteElo "2201"]
[BlackElo "2408"]
[WhiteFideId "24122254"]
[BlackFideId "24129003"]
[EventDate "2016.10.15"]

1. e4 c5 2. Nf3 d6 3. Nc3 Nf6 4. b3 e6 5. Bb2 Be7 6. Bd3 Nc6 7. O-O O-O 8. a3 a6
9. Ne2 e5 10. Ng3 Re8 11. h3 Bf8 12. Re1 g6 13. Bf1 Bg7 14. Rb1 b5 15. c4 Rb8
16. Bc3 b4 17. axb4 Nxb4 18. Be2 Bb7 19. d3 a5 20. Ra1 Ra8 21. Qd2 Nd7 22. Ra3
Nf8 23. Rea1 Ne6 24. Nf1 f5 25. exf5 gxf5 26. Ne3 Rf8 27. Ne1 Nf4 28. Bf1 Qc7
29. f3 Bh6 30. Qf2 Ne6 31. Bd2 Bg7 32. Bc3 Nd4 33. N3c2 Ne6 34. Qh4 Kh8 35. Kh1
f4 36. Qh5 Bf6 37. Qg4 Ng7 38. Nxb4 cxb4 39. Bxb4 Bc8 40. Rxa5 Rxa5 41. Bxa5 Qb7
42. b4 Bxg4 43. hxg4 e4 44. Rc1 Bd4 45. fxe4 Be3 46. Rc2 Ne6 47. b5 Qg7 48. Bc3
Nd4 49. Nf3 Qh6+ 50. Nh2 Rf6 51. g5 Qxg5 52. Re2 Kg8 53. Rxe3 fxe3 54. b6 e2 55.
Bxe2 Nxe2 56. Bxf6 Ng3+ 57. Kg1 Qe3# 0-1

[Event "Chigorin Memorial 2016"]
[Site "St Petersburg RUS"]
[Date "2016.10.16"]
[Round "2.66"]
[White "Kuznetsov, Felix"]
[Black "Pasiev, Rakhim"]
[Result "0-1"]
[BlackTitle "IM"]
[WhiteElo "2200"]
[BlackElo "2406"]
[WhiteFideId "34147990"]
[BlackFideId "24122475"]
[EventDate "2016.10.15"]

1. f4 d5 2. Nf3 c5 3. g3 Nc6 4. Bg2 g6 5. O-O Bg7 6. d3 Nf6 7. Nc3 d4 8. Na4 Qd6
9. e4 dxe3 10. Bxe3 b6 11. Ne5 Bb7 12. Nc3 a6 13. a4 O-O 14. Nxc6 Bxc6 15. Bxc6
Qxc6 16. f5 Rfd8 17. Qf3 Rac8 18. Qxc6 Rxc6 19. Rae1 Rd7 20. Kg2 Ng4 21. Bc1 c4
22. dxc4 Bxc3 23. bxc3 Rxc4 24. fxg6 hxg6 25. Rf4 Rxf4 26. Bxf4 e5 27. Bg5 f6
28. Re4 f5 29. Rc4 e4 30. h3 Ne5 31. Rc8+ Kf7 32. Bf4 Nf3 33. Rc6 Ne1+ 34. Kf2
Nxc2 35. Rxb6 Rd3 36. Rb7+ Ke6 37. Rb6+ Kd5 38. Rxa6 Rxc3 39. Rd6+ Kc5 40. Rxg6
e3+ 41. Bxe3+ Nxe3 42. Rg8 Kd4 43. a5 Nc4 44. a6 Ra3 45. a7 Rxa7 46. Kf3 Ke5 47.
Re8+ Kf6 48. g4 Ne5+ 49. Kg3 Ra3+ 50. Kg2 f4 51. Rf8+ Nf7 52. Rb8 Nd6 53. h4 Ke5
54. g5 f3+ 55. Kh2 Kf4 56. g6 Ra2+ 57. Kh3 Ra1 58. Rb2 Rh1+ 59. Rh2 Rxh2+ 60.
Kxh2 Nf5 0-1

[Event "Chigorin Memorial 2016"]
[Site "St Petersburg RUS"]
[Date "2016.10.16"]
[Round "2.67"]
[White "Bublei, Pavel"]
[Black "Puraev, Artemiy"]
[Result "1/2-1/2"]
[WhiteTitle "FM"]
[WhiteElo "2406"]
[BlackElo "2204"]
[WhiteFideId "24112593"]
[BlackFideId "24147869"]
[EventDate "2016.10.15"]

1. d4 d5 2. c4 e6 3. Nc3 Nf6 4. cxd5 exd5 5. Bf4 Bd6 6. Bxd6 Qxd6 7. e3 Bf5 8.
Bd3 Bxd3 9. Qxd3 O-O 10. Nge2 Nbd7 11. O-O c6 12. Nf4 Rfe8 13. h3 Nb6 14. b3 Qe7
15. Rac1 a5 16. Qc2 Ne4 17. Nd3 Nxc3 18. Qxc3 Nc8 19. Rc2 Nd6 20. Rb2 h6 21.
Rfb1 Ne4 22. Qc2 Rec8 23. a4 c5 24. dxc5 Nxc5 25. Nxc5 Rxc5 26. Qd2 Rac8 27. b4
axb4 28. Rxb4 Rc1+ 29. Rxc1 Rxc1+ 30. Qxc1 Qxb4 31. Qc8+ Kh7 32. Qf5+ Kg8 33.
Qxd5 Qxa4 34. Qxb7 Qa1+ 35. Kh2 Qe5+ 36. g3 h5 37. Kg2 g6 38. Qc6 Qa5 39. Qe8+
Kg7 40. Qe4 Kg8 41. Qc4 Qa8+ 42. e4 Qa1 43. Qd5 Qe1 44. g4 hxg4 45. hxg4 Qe2 46.
Kg3 Qe1 47. Kf3 Qh1+ 48. Ke2 Qg2 49. g5 Qg4+ 50. Ke3 Qc8 51. Kd2 Qb8 52. Qc5
Qf4+ 53. Kd3 Qf3+ 54. Qe3 Qd1+ 55. Qd2 Qf3+ 56. Kd4 Qg4 57. Ke5 Qe6+ 58. Kf4 Qc8
59. f3 Qb8+ 60. Kg4 Qc8+ 61. Kg3 Qb8+ 62. f4 Qb1 63. Qd8+ Kh7 64. Qd4 Qe1+ 65.
Kf3 Qh1+ 66. Ke2 Qg2+ 67. Ke1 Qh1+ 68. Kd2 Qh2+ 69. Ke3 1/2-1/2

[Event "Chigorin Memorial 2016"]
[Site "St Petersburg RUS"]
[Date "2016.10.16"]
[Round "2.68"]
[White "Anchutin, Nikita"]
[Black "Kazakovskiy, Valeriy"]
[Result "0-1"]
[BlackTitle "IM"]
[WhiteElo "2198"]
[BlackElo "2399"]
[WhiteFideId "34129895"]
[BlackFideId "13507443"]
[EventDate "2016.10.15"]

1. d4 Nf6 2. Nf3 e6 3. c4 Bb4+ 4. Nbd2 d6 5. g3 Nc6 6. Bg2 a5 7. a3 Bxd2+ 8.
Bxd2 e5 9. Bg5 h6 10. Bxf6 Qxf6 11. d5 Nb8 12. Nd2 O-O 13. b4 Bg4 14. O-O Qe7
15. f3 Bd7 16. e4 axb4 17. axb4 Na6 18. Qb3 c6 19. Rfc1 c5 20. bxc5 Nxc5 21. Qb6
Ba4 22. Rc3 Ra6 23. Qb4 Qc7 24. Rca3 Rfa8 25. Bf1 Rb6 26. Qc3 Rba6 27. Qb4 Qb8
28. Kg2 Qa7 29. Be2 Bd7 30. Nb1 f5 31. Rxa6 bxa6 32. Nc3 Rb8 33. Qa5 fxe4 34.
fxe4 Qb6 35. Qxb6 Rxb6 36. Ra3 g6 37. Kf2 Kg7 38. Ke3 Rb8 39. Bd1 Rf8 40. Ba4
Bg4 41. Bd1 h5 42. Ra2 Bxd1 43. Nxd1 Rf1 44. Nc3 Re1+ 45. Kf2 Rh1 46. Ke3 Rc1
47. Kd2 Nb3+ 48. Kd3 Kf6 49. Na4 Rf1 50. Rb2 Rf3+ 51. Ke2 Nd4+ 52. Kd1 Rd3+ 53.
Kc1 Ra3 54. Nb6 Ke7 55. Kd2 Nb3+ 56. Ke2 Nc5 57. Nc8+ Kd7 58. Na7 Kc7 59. Nc6
Rc3 60. Na5 h4 61. gxh4 Rh3 62. Kf1 Rxh4 63. Rg2 Nxe4 64. Rxg6 Rxh2 65. Nc6 Rc2
66. Nxe5 dxe5 67. Rxa6 Ng3+ 68. Ke1 Rxc4 69. Kf2 Ne4+ 70. Ke3 Nd6 71. Ra7+ Kb6
72. Ra8 Re4+ 73. Kf3 Rd4 0-1

[Event "Chigorin Memorial 2016"]
[Site "St Petersburg RUS"]
[Date "2016.10.16"]
[Round "2.70"]
[White "Yeritsyan, Hayk"]
[Black "Khanin, Semen"]
[Result "0-1"]
[BlackTitle "IM"]
[WhiteElo "2191"]
[BlackElo "2397"]
[WhiteFideId "13307320"]
[BlackFideId "4111990"]
[EventDate "2016.10.15"]

1. e4 c5 2. Nf3 e6 3. Nc3 Nc6 4. Bb5 Nd4 5. O-O Nxb5 6. Nxb5 a6 7. Nc3 Ne7 8. d4
cxd4 9. Nxd4 d6 10. a4 Nc6 11. Nxc6 bxc6 12. Qg4 h5 13. Qe2 a5 14. Rd1 e5 15. b3
Be7 16. Nb1 Bg4 17. f3 Be6 18. Na3 d5 19. exd5 cxd5 20. Bb2 Qb6+ 21. Kh1 f6 22.
h3 Kf7 23. Nb5 Rac8 24. Qd3 Qf2 25. Rd2 Qg3 26. Ba3 Bxa3 27. Rxa3 Rhd8 28. Ra1
Qf4 29. Qe2 d4 30. Rad1 Bf5 31. Qf2 h4 32. Na3 Rc3 33. Nc4 Rd5 34. Qe2 e4 35.
fxe4 Rxh3+ 36. Kg1 Bxe4 37. Rxd4 Qh2+ 38. Kf1 Qh1+ 0-1

[Event "Chigorin Memorial 2016"]
[Site "St Petersburg RUS"]
[Date "2016.10.16"]
[Round "2.72"]
[White "Semenenko, Sergey"]
[Black "Shuvalova, Polina"]
[Result "1/2-1/2"]
[BlackTitle "WFM"]
[WhiteElo "2184"]
[BlackElo "2393"]
[WhiteFideId "4173767"]
[BlackFideId "24171760"]
[EventDate "2016.10.15"]

1. d4 Nf6 2. c4 e6 3. Nc3 Bb4 4. e3 O-O 5. Ne2 Re8 6. a3 Bf8 7. Ng3 d5 8. Be2 b6
9. b4 c6 10. O-O Bb7 11. Bb2 Nbd7 12. Qb3 g6 13. e4 Nxe4 14. Ncxe4 dxe4 15. Nxe4
c5 16. Bf3 cxd4 17. Bxd4 Qc7 18. Bb2 Bg7 19. Bxg7 Kxg7 20. Ng5 Bxf3 21. Nxf3
Rac8 22. Rac1 e5 23. Rfd1 h5 24. Qd3 Nf6 25. Qd6 Qb7 26. Qd2 a6 27. h3 Rc7 28.
Qe3 e4 29. Nd4 Qc8 30. Ne2 Rc6 31. Qd4 e3 32. f3 Re7 33. Rd3 Qe8 34. Rcc3 Rce6
35. Qd8 Qa4 36. Kh2 Rd7 37. Rxd7 Nxd7 38. Rd3 Qc2 39. Nf4 Rf6 40. Qxd7 Rxf4 41.
Rxe3 Qxc4 42. Qd6 Rf5 43. Re4 Qc2 44. Rf4 Rxf4 45. Qxf4 Qc3 46. a4 1/2-1/2

[Event "Chigorin Memorial 2016"]
[Site "St Petersburg RUS"]
[Date "2016.10.16"]
[Round "2.73"]
[White "Saveliev, Alexei"]
[Black "Konaplev, Anton"]
[Result "1-0"]
[WhiteElo "2392"]
[BlackElo "2185"]
[WhiteFideId "24128546"]
[BlackFideId "24165646"]
[EventDate "2016.10.15"]

1. e4 e6 2. d4 d5 3. Nc3 Nf6 4. e5 Nfd7 5. f4 c5 6. Nf3 Nc6 7. Be3 cxd4 8. Nxd4
Bc5 9. Qd2 Nxd4 10. Bxd4 Bxd4 11. Qxd4 Qb6 12. O-O-O Qxd4 13. Rxd4 Ke7 14. Bb5
Nb6 15. h4 h5 16. a4 Bd7 17. Be2 Bc6 18. b3 g6 19. Kb2 Rhc8 20. Rhd1 a6 21. Bf3
Rc7 22. Ne2 Be8 23. Rb4 Nd7 24. a5 Rac8 25. Nd4 Nc5 26. Rb6 Nd7 27. Rb4 Nc5 28.
Rd2 Rd8 29. Ka3 Rdc8 30. Rd1 b5 31. c4 dxc4 32. bxc4 bxc4 33. Rxc4 Na4 34. Rxa4
Rc3+ 35. Nb3 Bxa4 36. Kxa4 Rb8 37. Nd4 Rb2 38. Be2 Kf8 39. Bxa6 Rxg2 40. Be2 Rf2
41. a6 Rxf4 42. a7 Rc8 43. Bf3 Rxh4 44. a8=Q Rxa8+ 45. Bxa8 g5 46. Kb5 Rh3 47.
Kc5 g4 48. Bc6 Re3 49. Kd6 h4 50. Rg1 g3 51. Nf3 f6 52. Nxh4 fxe5 53. Kxe6 Rc3
54. Be4 Ra3 55. Kxe5 Rb3 56. Nf5 Ra3 57. Rxg3 Ra5+ 58. Bd5 Ra7 59. Rg8# 1-0

[Event "Chigorin Memorial 2016"]
[Site "St Petersburg RUS"]
[Date "2016.10.16"]
[Round "2.74"]
[White "Janiashvili, Irakli"]
[Black "Ponfilenok, Vladimir"]
[Result "1-0"]
[WhiteElo "2171"]
[BlackElo "2390"]
[WhiteFideId "13603876"]
[BlackFideId "24113522"]
[EventDate "2016.10.15"]

1. e4 e6 2. d4 d5 3. Nc3 Bb4 4. e5 c5 5. a3 Bxc3+ 6. bxc3 Qa5 7. Bd2 Qa4 8. Qg4
Kf8 9. c4 Nc6 10. dxc5 Nxe5 11. Qf4 Nxc4 12. Nf3 Bd7 13. c6 Bxc6 14. Bb4+ Ke8
15. Bxc4 dxc4 16. Qd6 Rd8 17. Qf8+ Kd7 18. O-O-O+ Bd5 19. Ne5+ Kc8 20. Qc5+ Kb8
21. Nxf7 Nf6 22. Nxh8 Rxh8 23. Rhe1 b6 24. Qd6+ Ka8 25. f3 Rc8 26. Re5 Qe8 27.
Re3 Kb7 28. Bc3 Qc6 29. Qg3 Rc7 30. Qe5 a5 31. Bd4 b5 32. Bc3 Ka6 33. Qg5 Qc5
34. Bd4 Qf8 35. Rde1 Rc6 36. Kd2 Qe7 37. Ke2 Qf7 38. Qe5 Qg6 39. Qb8 Qxg2+ 40.
Kd1 b4 41. a4 1-0

[Event "Chigorin Memorial 2016"]
[Site "St Petersburg RUS"]
[Date "2016.10.16"]
[Round "2.75"]
[White "Urazayev, Arystanbek"]
[Black "Zlatin, Alexander"]
[Result "0-1"]
[WhiteTitle "CM"]
[WhiteElo "2377"]
[BlackElo "2182"]
[WhiteFideId "13709810"]
[BlackFideId "2810549"]
[EventDate "2016.10.15"]

1. e4 e5 2. Nf3 Nc6 3. Bb5 a6 4. Ba4 Nf6 5. O-O b5 6. Bb3 Bc5 7. a4 Rb8 8. axb5
axb5 9. Nxe5 Nxe5 10. d4 Bxd4 11. Qxd4 d6 12. f4 Nc6 13. Qc3 Ne7 14. e5 Ne4 15.
Qe1 d5 16. Nd2 Bf5 17. Nxe4 Bxe4 18. Be3 O-O 19. Bc5 Re8 20. Qf2 Ng6 21. Qg3 Nh4
22. Rf2 Re6 23. Qg5 Qxg5 24. fxg5 Rxe5 25. Be3 Nxg2 26. Rxg2 Bxg2 27. Ba7 Ra8
28. Kxg2 c5 29. Ra3 c4 30. Ba2 b4 31. Ra5 Re7 32. Rxd5 b3 0-1

[Event "Chigorin Memorial 2016"]
[Site "St Petersburg RUS"]
[Date "2016.10.16"]
[Round "2.76"]
[White "Scott, Gordon W"]
[Black "Martynov, Pavel2"]
[Result "1-0"]
[BlackTitle "FM"]
[WhiteElo "2168"]
[BlackElo "2374"]
[WhiteFideId "419559"]
[BlackFideId "4122186"]
[EventDate "2016.10.15"]

1. d4 Nf6 2. c4 g6 3. Nc3 Bg7 4. e4 d6 5. Nf3 O-O 6. Be2 e5 7. d5 a5 8. Bg5 h6
9. Be3 Nh5 10. g3 f5 11. exf5 gxf5 12. Nxe5 f4 13. Bd2 Nxg3 14. hxg3 dxe5 15.
Qc2 Na6 16. Ne4 Bf5 17. Bd3 Nb4 18. Bxb4 axb4 19. Rg1 Kh8 20. g4 Bxe4 21. Bxe4
f3 22. g5 Rf4 23. b3 h5 24. Rd1 Bf8 25. Bf5 e4 26. Be6 Bg7 27. Kf1 Ra6 28. Re1
Bc3 29. Re3 Qa8 30. a4 Qe8 31. Rxc3 Rxe6 32. dxe6 bxc3 33. Qxc3+ Kg8 34. Rh1 Qd8
35. Ke1 Qxg5 36. Qe3 Rg4 37. Qxg5+ Rxg5 38. Kd2 Kg7 39. Rh4 Re5 40. Ke3 Rxe6 41.
Rxh5 Kg6 42. Rc5 c6 43. a5 Kf6 44. b4 Ke7 45. Rh5 Rg6 46. Rh7+ Ke6 47. Rxb7 Rg1
48. Kxe4 Rc1 49. c5 Rc3 50. a6 Ra3 51. a7 1-0

[Event "Chigorin Memorial 2016"]
[Site "St Petersburg RUS"]
[Date "2016.10.16"]
[Round "2.77"]
[White "Tologontegin, Semetey"]
[Black "Rozycki, Bartlomiej"]
[Result "0-1"]
[WhiteTitle "IM"]
[WhiteElo "2371"]
[BlackElo "2170"]
[WhiteFideId "13800574"]
[BlackFideId "1106996"]
[EventDate "2016.10.15"]

1. Nf3 d5 2. g3 c6 3. Bg2 Bg4 4. O-O Nf6 5. d3 e6 6. Nbd2 Nbd7 7. c4 Be7 8. b3
O-O 9. Bb2 a5 10. a3 Qb6 11. Qc2 Rac8 12. Rac1 Rfd8 13. Qb1 c5 14. cxd5 Nxd5 15.
Rc4 Bh5 16. Rfc1 Qa6 17. Qa1 f6 18. d4 N5b6 19. R4c2 cxd4 20. Nxd4 e5 21. Ne6
Rxc2 22. Rxc2 Rc8 23. Rxc8+ Nxc8 24. Qc1 Na7 25. Nc7 Qxe2 26. Bf1 Qd1 27. Qxd1
Bxd1 28. Bg2 Nc6 29. Bd5+ Kf8 30. Kf1 Nc5 31. Nb5 Bg4 32. Bc3 Be6 33. Bxe6 Nxe6
34. Ke2 Kg8 35. Kd3 Kf8 36. Nc4 Bc5 37. Nxa5 Nxa5 38. Bxa5 Bxf2 39. Bb4+ Ke8 40.
Nd6+ Kd7 41. Nxb7 Kc6 42. Na5+ Kd5 43. Nc4 Nd4 44. Nd2 f5 45. Ba5 e4+ 46. Kc3
Be1 47. Kb2 e3 48. Nc4 Bxa5 49. Nxe3+ Ke4 50. Nc4 Bc7 51. a4 h5 52. b4 Kd3 53.
Na3 h4 54. a5 hxg3 55. hxg3 Bxg3 56. a6 Bb8 57. b5 Ba7 0-1

[Event "Chigorin Memorial 2016"]
[Site "St Petersburg RUS"]
[Date "2016.10.16"]
[Round "2.79"]
[White "Gubajdullin, Alexei"]
[Black "Yakimenko, Viktoria"]
[Result "1-0"]
[WhiteTitle "FM"]
[WhiteElo "2367"]
[BlackElo "2160"]
[WhiteFideId "4141202"]
[BlackFideId "24174998"]
[EventDate "2016.10.15"]

1. b3 d5 2. Bb2 c5 3. e3 a6 4. f4 Nc6 5. Nf3 Nf6 6. Be2 b6 7. O-O Bb7 8. Ne5 e6
9. Bf3 Be7 10. c4 Rc8 11. Nc3 O-O 12. Qe2 Na5 13. Rad1 Qc7 14. d3 Rfd8 15. g4
Nc6 16. Nxf7 Kxf7 17. g5 d4 18. gxf6 Bxf6 19. Ne4 dxe3 20. Ng5+ Bxg5 21. fxg5
Kg8 22. Qxe3 Re8 23. Be4 Nd8 24. Bxh7+ Kxh7 25. Qh3+ Kg6 26. Rf6+ gxf6 27. Qh6+
Kf5 28. Rf1+ Kg4 29. h3+ Kg3 30. Qh5 Qf4 31. Rxf4 Kxf4 32. Kf2 Bf3 33. Qxf3+
Kxg5 34. Qxf6+ Kh5 35. Bc1 1-0

[Event "Chigorin Memorial 2016"]
[Site "St Petersburg RUS"]
[Date "2016.10.16"]
[Round "2.80"]
[White "Pogosian, Vladimir"]
[Black "Vokhidov, Shamsiddin"]
[Result "0-1"]
[BlackTitle "IM"]
[WhiteElo "2159"]
[BlackElo "2366"]
[WhiteFideId "13301586"]
[BlackFideId "14204223"]
[EventDate "2016.10.15"]

1. e4 c5 2. Nc3 Nc6 3. g3 g6 4. Bg2 Bg7 5. Nge2 e6 6. d3 Nge7 7. Bg5 Nd4 8. O-O
O-O 9. Qd2 f6 10. Bf4 d6 11. Nxd4 cxd4 12. Nb5 e5 13. Bh6 Bxh6 14. Qxh6 Qb6 15.
a4 a6 16. Na3 Qxb2 17. Rfb1 Qc3 18. Nc4 Be6 19. Ra3 Qxc2 20. Rxb7 Bxc4 21. dxc4
Rf7 22. Rab3 Kh8 23. Qh3 Qxc4 24. Bf1 Qc8 25. Rd7 f5 26. Rbb7 Qf8 27. Qh4 Re8
28. Bc4 Rg7 29. Bxa6 g5 30. Qh6 fxe4 31. Qxd6 e3 32. fxe3 dxe3 33. Rb2 Qf5 34.
Bd3 e4 35. Bc4 Nc8 36. Qe6 Rxe6 37. Rd8+ Rg8 38. Rxg8+ Kxg8 39. Rb8 Kg7 0-1

[Event "Chigorin Memorial 2016"]
[Site "St Petersburg RUS"]
[Date "2016.10.16"]
[Round "2.81"]
[White "Sutormin, Danila"]
[Black "Shurunov, Andrei"]
[Result "1-0"]
[WhiteTitle "FM"]
[WhiteElo "2363"]
[BlackElo "2158"]
[WhiteFideId "24108669"]
[BlackFideId "4113209"]
[EventDate "2016.10.15"]

1. e4 c5 2. Ne2 e6 3. Nbc3 Qc7 4. g3 Nc6 5. Bg2 d6 6. O-O Bd7 7. d4 cxd4 8. Nxd4
a6 9. Nb3 Nf6 10. g4 h6 11. h3 Be7 12. f4 Rd8 13. Be3 Bc8 14. Qe1 b6 15. Qf2 Nd7
16. h4 Bb7 17. g5 hxg5 18. hxg5 Nc5 19. Bf3 g6 20. Kg2 Bf8 21. Rh1 Rxh1 22. Rxh1
Kd7 23. Bg4 Ne7 24. Nxc5+ bxc5 25. Rh7 Ke8 26. Kf1 Qb6 27. f5 exf5 28. exf5 gxf5
29. Bxf5 Qxb2 30. Bg4 Bg7 31. Rxg7 Bd5 32. Nxd5 Qxg7 33. Nc7+ 1-0

[Event "Chigorin Memorial 2016"]
[Site "St Petersburg RUS"]
[Date "2016.10.16"]
[Round "2.82"]
[White "Zubova, Mariya"]
[Black "Bartel, Michal"]
[Result "0-1"]
[WhiteTitle "WFM"]
[BlackTitle "FM"]
[WhiteElo "2051"]
[BlackElo "2357"]
[WhiteFideId "14118874"]
[BlackFideId "1119257"]
[EventDate "2016.10.15"]

1. e4 e5 2. Nf3 Nc6 3. Bb5 a6 4. Ba4 g6 5. c3 d6 6. d4 Bd7 7. O-O Bg7 8. Re1
Nge7 9. d5 Nb8 10. Bxd7+ Nxd7 11. c4 h6 12. Nc3 f5 13. b4 a5 14. c5 axb4 15.
cxd6 cxd6 16. Nb5 Qb6 17. a4 bxa3 18. Nxa3 O-O 19. Rb1 Qa6 20. exf5 Nxf5 21. Nb5
Rac8 22. Re4 Nc5 23. Reb4 e4 24. Nfd4 Nxd4 25. Nxd4 Nd3 26. Be3 Nxb4 27. Rxb4
Qd3 28. Qe1 Ra8 29. Rb3 Qc4 30. Qd1 Rfc8 31. h3 Qxd5 32. Rb5 Rc5 33. Rb4 Rc4 34.
Rb5 Qxb5 35. Nxb5 Ra1 36. Qxa1 Bxa1 37. Nxd6 Rb4 38. g4 Be5 39. Nc8 Rb1+ 40. Kg2
b5 41. Bxh6 b4 0-1

[Event "Chigorin Memorial 2016"]
[Site "St Petersburg RUS"]
[Date "2016.10.16"]
[Round "2.83"]
[White "Sanzhaev, Darsen"]
[Black "Ismagilov, Damir"]
[Result "1-0"]
[WhiteTitle "FM"]
[WhiteElo "2353"]
[BlackElo "1927"]
[WhiteFideId "24120030"]
[BlackFideId "34199982"]
[EventDate "2016.10.15"]

1. d4 Nf6 2. c4 g6 3. Nc3 Bg7 4. e4 d6 5. h3 O-O 6. Be3 c5 7. Nf3 Qa5 8. Bd3 Nc6
9. O-O Nd7 10. Be2 a6 11. a3 Rb8 12. b4 Qc7 13. Rc1 b6 14. Qd2 cxd4 15. Nxd4 Bb7
16. Nb3 Nce5 17. Nd5 Qd8 18. Rfd1 f5 19. exf5 Rxf5 20. Nd4 Nxc4 21. Bxc4 Rxd5
22. Ne6 Rxd2 23. Nxd8+ d5 24. Rxd2 Rxd8 25. Bxd5+ Bxd5 26. Rxd5 e6 27. Rd2 Bf6
28. Rcd1 Be5 29. Rxd7 Rc8 30. Rd8+ 1-0

[Event "Chigorin Memorial 2016"]
[Site "St Petersburg RUS"]
[Date "2016.10.16"]
[Round "2.85"]
[White "Chashchev, Sergey"]
[Black "Fokin, Anatoly"]
[Result "1-0"]
[WhiteTitle "IM"]
[WhiteElo "2349"]
[BlackElo "1802"]
[WhiteFideId "4134516"]
[BlackFideId "24124451"]
[EventDate "2016.10.15"]

1. c4 e5 2. Nc3 Nf6 3. g3 c6 4. d4 d6 5. dxe5 dxe5 6. Qxd8+ Kxd8 7. Bh3 Nbd7 8.
Nf3 Bd6 9. Be3 Ke7 10. O-O-O b6 11. Ng5 Bc5 12. Bxc5+ Nxc5 13. Bg2 Bb7 14. b4 h6
15. Nxf7 Kxf7 16. bxc5 bxc5 17. Kc2 Rac8 18. Na4 Ba6 19. Kc3 Rc7 20. Nxc5 Bc8
21. Rd6 Bf5 22. e4 Bc8 23. Rb1 Ke7 24. Rd2 g5 25. Nd3 Nd7 26. f3 Kf6 27. Bh3 h5
28. Bf5 Nf8 29. Bxc8 Rxc8 30. Nc5 Rc7 31. Rb8 Kg7 32. Rxf8 Rxf8 33. Ne6+ Kg8 34.
Nxc7 Rxf3+ 35. Kb4 Re3 36. Ne8 Kf7 37. Nd6+ Ke6 38. Kc5 Ra3 39. Nf5 Ra5+ 40.
Kxc6 1-0

[Event "Chigorin Memorial 2016"]
[Site "St Petersburg RUS"]
[Date "2016.10.16"]
[Round "2.88"]
[White "Svidinsky, Dmitry"]
[Black "Huzman, Alexander"]
[Result "0-1"]
[BlackTitle "GM"]
[WhiteElo "2099"]
[BlackElo "2577"]
[WhiteFideId "24120251"]
[BlackFideId "2803828"]
[EventDate "2016.10.15"]

1. e4 c5 2. Nf3 a6 3. c3 e6 4. d4 d5 5. e5 Bd7 6. Bd3 Nc6 7. O-O cxd4 8. cxd4
Qb6 9. Be2 Nge7 10. Na3 Ng6 11. Nc2 Be7 12. b3 O-O 13. g3 f6 14. exf6 Bxf6 15.
Bg5 h6 16. Be3 Qd8 17. Nce1 Nce7 18. Nd3 Nf5 19. Qd2 Bb5 20. Nf4 Nxf4 21. Bxf4
Bxe2 22. Qxe2 Qb6 23. Be5 Rac8 24. Rac1 Qb5 25. Qxb5 axb5 26. Kg2 Kf7 27. g4 Ne7
28. Bd6 Rfd8 29. Bxe7 Kxe7 30. h4 g6 31. g5 Bg7 32. Ne5 Bxe5 33. dxe5 h5 34. f4
Rc6 35. Rxc6 bxc6 36. b4 Ra8 37. Rf2 Ra3 38. Rd2 Rc3 39. Rb2 Kd7 40. a4 bxa4 41.
Ra2 a3 42. Kf2 Rb3 43. Ke1 Kc7 44. Kd1 Rf3 45. Kc2 Kb6 46. Kb1 Rxf4 47. Rxa3
Rxb4+ 48. Kc2 Rxh4 49. Rf3 Rg4 50. Rf6 Rxg5 51. Rxe6 h4 0-1